000 00455nam a2200145 4500
008 151026b xxu||||| |||| 00| 0 eng d
020 _a9789966258182
050 _aAFR PR 9387.9.A47C6 2015
100 _aAmadi, Elechi.
_d2015
245 _aThe concubine/
_c Elechi Amadi
260 _aKampala ;
_bEAEP,
_c2015.
300 _a253 p.
650 _aEnglish Fiction.
942 _2lcc
_cSH_L_BOOKS
_hAFR PR 9387.9.A47C6 2015
_0193
999 _c9395
_d9395